Albums by Cover Art - New York City Artists - Statistics

General Stats
  • This quiz has been taken 144 times
  • The average score is 17 of 28
Answer Stats
Picture Hint Answer % Correct
Queens KISS - Dynasty
92%
Manhattan Lady Gaga - The Fame
90%
Queens 50 Cent - Get Rich or Die Tryin'
88%
Hoboken, NJ Frank Sinatra - In the Wee Small Hours
87%
Manhattan Lana Del Rey - Born to Die
79%
Queens Simon & Garfunkel - Bookends
78%
Manhattan The Velvet Underground - The Velvet Underground & Nico
77%
Manhattan Bob Dylan - The Freewheelin' Bob Dylan
73%
Brooklyn Nas - Illmatic
70%
Brooklyn The Notorious B.I.G. - Life After Death
70%
Manhattan Talking Heads - Remain in Light
69%
Manhattan Beastie Boys - License to Ill
67%
Manhattan Blondie - Parallel Lines
64%
Staten Island Wu-Tang Clan - Enter the Wu-Tang (36 Chambers)
60%
Manhattan Alicia Keys - The Diary of Alicia Keys
59%
Queens Cyndi Lauper - She's So Unusual
59%
Brooklyn Jay-Z - Reasonable Doubt
59%
Manhattan The Strokes - Is This It
56%
Manhattan A$AP Rocky - Long.Live.A$AP
55%
Manhattan Patti Smith - Horses
55%
The Bronx Billy Joel - 52nd Street
53%
Queens A Tribe Called Quest - The Low End Theory
47%
Manhattan Interpol - Turn on the Bright Lights
40%
Manhattan Sonic Youth - Daydream Nation
40%
Brooklyn LCD Soundsystem - This Is Happening
25%
Staten Island Joan Baez - Joan Baez
16%
The Bronx Mary J. Blige - What's the 411?
13%
Manhattan Vampire Weekend - Modern Vampires of the City
12%
No matching quizzes found
Score Distribution
Percent of People with Each Score
Percentile by Number Answered
Your Score History
You have not taken this quiz